00885nam a2200241Ia 450000500170000000800410001702000150005824501170007325000180019030000400020865000350024865000280028365000430031165000260035470000580038070000350043826400350047333600270050833700330053533800280056804000350059608400120063120220317000758.0160601s2005 ar g 000 0 s  a950754069500aMitos y leyendas celtascselección y prólogo Roberto C. Rosaspini Reynolds ; ilustraciones Fernando Molinari a3a. edición a128 páginasbilustracionesc23 cm142LEMBaPersonajes fantásticos142LEMBaMitología celta142LEMBaCeltasxReligión y mitología142LEMBaLeyendas celtas1 aRosaspini Reynolds, Roberto C.d1940-2003ecompilador1 aMolinari, Fernandoeilustrador aBuenos AiresbContinentec2005 atextobtxt2rdacontent asin mediaciónbn2rdamedia avolumenbnc2rdacarrier aCO-BoRNBPbspaerdacCO-BoRNBP aLM MIT4